El derecho del público a saber es el derecho a vivir /
Guardado en:
| Autor principal: | |
|---|---|
| Formato: | Texto |
| Etiquetas: |
Agregar Etiqueta
Sin Etiquetas, Sea el primero en etiquetar este registro!
|
MARC
| LEADER | 00000 a a2200000 04500 | ||
|---|---|---|---|
| 001 | 42217 | ||
| 003 | |||
| 040 | |||
| 100 | |a Camacho Azurduy, Carlos Alberto | ||
| 245 | |a El derecho del público a saber es el derecho a vivir / |c Carlos Alberto Camacho Azurduy | ||
| 773 | |g volumen17, número9 ( , 2008), páginas 109-117 | ||
| 999 | |c 28047 |d 28047 | ||
